000 00295nam a2200121Ia 4500
008 190216s9999||||xx |||||||||||||| ||und||
100 _aAlbert Paul Malvino
245 0 _aElectronic Principles
260 _bTata Mcgrawhill Publishers
_c1973
300 _a750p
650 _aPhysics
942 _cBK
999 _c32958
_d32958